000 00513nam a22001577a 4500
003 OSt
005 20201206122628.0
008 201206b xxu||||| |||| 00| 0 eng d
040 _cmacl
082 _a920/TIM
100 _aतिवारी ,प्रहलाह
_980711
245 _aयुगप्रवर्त‍क स्‍वामी विवेकानन्‍द
260 _aदिल्‍ली
_bकीन बुक्‍स
_c2018
650 _aजीवनी
_97943
942 _2ddc
_cHIN
999 _c63984
_d63984